A szponzoráció szerepe a hegy- és sziklamászó eszközök piacán

Bibliográfiai részletek
Szerző: Vernyik Adrienn
További közreműködők: Totth Dr. Gedeon
Dokumentumtípus: Diplomadolgozat
Kulcsszavak:Szponzoráció
Sportszponzorálás
Extrém sportok
Hegymászás
Sziklamászás
Online Access:http://dolgozattar.uni-bge.hu/4699

MARC

LEADER 00000nta a2200000 i 4500
001 dolg4699
005 20220627132126.0
008 151214suuuu hu om 000 hun d
040 |a BGE Dolgozattár Repozitórium  |b hun 
041 |a hu 
100 1 |a Vernyik Adrienn 
245 1 2 |a A szponzoráció szerepe a hegy- és sziklamászó eszközök piacán  |c Vernyik Adrienn  |h [elektronikus dokumentum] 
695 |a Szponzoráció 
695 |a Sportszponzorálás 
695 |a Extrém sportok 
695 |a Hegymászás 
695 |a Sziklamászás 
700 1 |a Totth Dr. Gedeon  |e ths 
856 4 0 |u http://dolgozattar.uni-bge.hu/4699/1/VernyikAdrienn_Szponzor%C3%A1ci%C3%B3_Hegym%C3%A1sz%C3%B3_eszk%C3%B6z%C3%B6k_piac%C3%A1n.pdf  |z Dokumentum-elérés 
856 4 0 |u http://dolgozattar.uni-bge.hu/4699/2/X8TYA4_VernyikA.sav  |z Dokumentum-elérés